000 00243nam a2200109Ia 4500
008 220204s9999 xx 000 0 und d
082 _a82-3
_bMCC
100 _aMcCullough, Colleen
245 0 _aTim
260 _aLondon
_bPan
_c1975
942 _cBK
999 _c29971
_d29971